<?xml version="1.0" encoding="UTF-8"?><?xml-stylesheet type="text/xsl" href="static/style.xsl"?><OAI-PMH xmlns="http://www.openarchives.org/OAI/2.0/" xmlns:xsi="http://www.w3.org/2001/XMLSchema-instance" xsi:schemaLocation="http://www.openarchives.org/OAI/2.0/ http://www.openarchives.org/OAI/2.0/OAI-PMH.xsd"><responseDate>2026-04-27T03:43:15Z</responseDate><request verb="GetRecord" identifier="oai:repisalud.isciii.es:20.500.12105/11695" metadataPrefix="marc">https://repisalud.isciii.es/rest/oai/request</request><GetRecord><record><header><identifier>oai:repisalud.isciii.es:20.500.12105/11695</identifier><datestamp>2025-06-04T00:17:26Z</datestamp><setSpec>com_20.500.12105_2405</setSpec><setSpec>com_20.500.12105_2403</setSpec><setSpec>com_20.500.12105_2203</setSpec><setSpec>com_20.500.12105_2202</setSpec><setSpec>col_20.500.12105_2420</setSpec><setSpec>col_20.500.12105_19585</setSpec></header><metadata><record xmlns="http://www.loc.gov/MARC21/slim" xmlns:dcterms="http://purl.org/dc/terms/" xmlns:doc="http://www.lyncode.com/xoai" xmlns:xsi="http://www.w3.org/2001/XMLSchema-instance" xsi:schemaLocation="http://www.loc.gov/MARC21/slim http://www.loc.gov/standards/marcxml/schema/MARC21slim.xsd">
   <leader>00925njm 22002777a 4500</leader>
   <datafield ind2=" " ind1=" " tag="042">
      <subfield code="a">dc</subfield>
   </datafield>
   <datafield ind2=" " ind1=" " tag="720">
      <subfield code="a">Alcamí, José</subfield>
      <subfield code="e">author</subfield>
   </datafield>
   <datafield ind2=" " ind1=" " tag="720">
      <subfield code="a">Alvarez-del Arco, Debora</subfield>
      <subfield code="e">author</subfield>
   </datafield>
   <datafield ind2=" " ind1=" " tag="720">
      <subfield code="a">Bojo Canales, Cristina</subfield>
      <subfield code="e">author</subfield>
   </datafield>
   <datafield ind2=" " ind1=" " tag="720">
      <subfield code="a">Coiras, Mayte</subfield>
      <subfield code="e">author</subfield>
   </datafield>
   <datafield ind2=" " ind1=" " tag="720">
      <subfield code="a">Díez-Fuertes, Francisco</subfield>
      <subfield code="e">author</subfield>
   </datafield>
   <datafield ind2=" " ind1=" " tag="720">
      <subfield code="a">Garcia-Carpintero, Esther Elena</subfield>
      <subfield code="e">author</subfield>
   </datafield>
   <datafield ind2=" " ind1=" " tag="720">
      <subfield code="a">Perez-Gomez, Beatriz</subfield>
      <subfield code="e">author</subfield>
   </datafield>
   <datafield ind2=" " ind1=" " tag="720">
      <subfield code="a">Plaza-Ramos, Jose A.</subfield>
      <subfield code="e">author</subfield>
   </datafield>
   <datafield ind2=" " ind1=" " tag="720">
      <subfield code="a">Primo-Peña, Elena</subfield>
      <subfield code="e">author</subfield>
   </datafield>
   <datafield ind2=" " ind1=" " tag="720">
      <subfield code="a">Rodriguez-Cabrera, Francisco David</subfield>
      <subfield code="e">author</subfield>
   </datafield>
   <datafield ind2=" " ind1=" " tag="720">
      <subfield code="a">Sanchez-Gomez, Luis Maria</subfield>
      <subfield code="e">author</subfield>
   </datafield>
   <datafield ind2=" " ind1=" " tag="720">
      <subfield code="a">Grupo de Análisis Científico de Coronavirus del ISCIII (GACC-ISCIII)</subfield>
      <subfield code="e">author</subfield>
   </datafield>
   <datafield ind2=" " ind1=" " tag="260">
      <subfield code="c">2020</subfield>
   </datafield>
   <datafield ind2=" " ind1=" " tag="520">
      <subfield code="a">En el punto álgido de la pandemia, nuestra directora Raquel Yotti me encargó coordinar un grupo de análisis de la literatura científica que extrajera la evidencia existente en un momento en que miles de artículos veían la luz en las plataformas de prepublicación. Fui muy consciente del desafío, pero los que me conocéis sabéis que me gustan los desafíos. Este era diferente, porque su objetivo era dar a conocer de forma veraz a los ciudadanos de este país que tanto han sufrido lo que sabíamos, lo que desconocíamos y cómo la ciencia progresaba en la solución de los problemas. Por eso me rodeé del mejor equipo posible, que aceptó sin dudarlo colaborar en esta tarea. Investigadores de dos centros nacionales clave, Microbiología y Epidemiología, compañeros con otra perspectiva del Centro de Evaluación de Tecnologías Sanitarias y expertas en documentación de la Biblioteca Nacional de Ciencias de la Salud. Todos ellos, junto con nuestros genios de la comunicación, formaron un dream team que ha sido un privilegio dirigir. Cada miércoles nos reuníamos para poner en común lo que habíamos leído, lo que circulaba por las redes, las preguntas de los ciudadanos en los medios..., y seleccionábamos los temas más candentes, los más confusos a veces, los más difíciles de explicar. Surgieron informes complejos para los que recabamos la ayuda de expertos externos al grupo, un largo listado de médicos e investigadores que han sido coautores de estos estudios. Nadie se negó a colaborar de manera generosa en todo lo que les pedíamos a pesar de la carga de trabajo que soportaban. A todos ellos, mi más sincero agradecimiento. Surgieron más tarde nuestros Top five, vídeos en que seleccionábamos los mejores artículos de la semana, y que tuvieron una gran acogida gracias a la profesionalidad de Ricardo Santamaría, Jesús Manuel Fuentes y Alberto Jiménez. Parte de nuestro trabajo es recogido en esta publicación. A pesar del tiempo transcurrido, muchos de los informes siguen siendo actuales. Gracias Mayte Coiras, Fran Díez, Bea Pérez-Gómez, Francisco Rodríguez, Elena Primo, Cristina Bojo, Luis María Sánchez, Esther García Carpintero, José Antonio Plaza y Débora Álvarez por vuestra generosidad y todo el esfuerzo, la inteligencia, la pedagogía y la eficacia que habéis desplegado. Gracias a Raquel Yotti, Gonzalo Remiro y Laura Franqueza por el apoyo constante a nuestro trabajo. Espero que cuando todo esto pase podamos reunirnos físicamente y recordar anécdotas alrededor de este libro, que cuenta también una parte de la historia de la pandemia.</subfield>
   </datafield>
   <datafield ind1="8" ind2=" " tag="024">
      <subfield code="a">http://hdl.handle.net/20.500.12105/11695</subfield>
   </datafield>
   <datafield tag="653" ind2=" " ind1=" ">
      <subfield code="a">Coronavirus</subfield>
   </datafield>
   <datafield tag="653" ind2=" " ind1=" ">
      <subfield code="a">Investigación en salud</subfield>
   </datafield>
   <datafield tag="653" ind2=" " ind1=" ">
      <subfield code="a">COVID-19</subfield>
   </datafield>
   <datafield tag="653" ind2=" " ind1=" ">
      <subfield code="a">SARS-CoV-2</subfield>
   </datafield>
   <datafield ind2="0" ind1="0" tag="245">
      <subfield code="a">Informes científicos COVID-19</subfield>
   </datafield>
</record></metadata></record></GetRecord></OAI-PMH>